00514pam a2200145 a 4500020000500000041000500005082001500010100002500025245005900050260003400109300001700143930000900160999001900169952018000188 c h a758.1bEGG aMargaret Eggleton . aDrawing & Master Class Landscapes hTextual Documents a[s.l]:bSearch Press ,c2014. a98:bpages . a7146 c240936d240936 001040708Text BooksaFAPbFAPd2015-12-12eBhararti Sahakari Grahak Bhandarg1395.00l1o758.1 EGGpFAP-7621q2024-07-27r2024-06-27 00:00:00s2024-06-27t1w2023-03-07yBK